000 00782nam a2200253Ia 4500
003 OSt
005 20220925214247.0
006 a|||||r|||| 00| 0
007 ta
008 220923b |||||||| |||| 00| 0 eng d
037 _cGeneral Book
040 _aRTL
_cRTL
_beng
041 _2eng
_aeng
082 _aY33.236C.L, L9
100 _aGokhale Balkrishna Govind
245 0 _aSurat in the seventeenth century
_b A study in urban
260 _aLondon
_bCurzon Press
_c1979
300 _a222p
_ccm.
490 _aScandinavian Institute of Asian Studies Monographs, Series.28
500 _aBibliography: p 199-207
650 _aUrban Sociology
_934088
942 _hY33.236C.L, L9
_cGB
_2CC
999 _c564881
_d564881